Хорошо!: поэмы и стихотворения; для среднего и старшего школьного возраста

Bibliographic Details
Main Author: Маяковский В. В. Владимир Владимирович
Summary:Исключено из фонда НТБ ТПУ
Language:Russian
Published: Киев, Веселка, 1976
Series:Школьная библиотека
Format: MixedMaterials Book
KOHA link:https://koha.lib.tpu.ru/cgi-bin/koha/opac-detail.pl?biblionumber=63858

MARC

LEADER 00000nam0a2200000 4500
001 63858
005 20231101212108.0
035 |a (RuTPU)RU\TPU\book\67761 
090 |a 63858 
100 |a 20040520d1976 de y0rusy50 ca 
101 0 |a rus 
102 |a UA 
105 |a a z 001gy 
200 1 |a Хорошо!  |e поэмы и стихотворения  |e для среднего и старшего школьного возраста  |f В. В. Маяковский 
210 |a Киев  |c Веселка  |d 1976 
215 |a 374 с.  |c ил. 
225 1 |a Школьная библиотека 
333 |a Исключено из фонда НТБ ТПУ 
700 1 |a Маяковский  |b В. В.  |c русский поэт  |f 1893-1930  |g Владимир Владимирович  |2 stltpush  |9 463 
801 1 |a RU  |b 63413507  |c 20040520  |g PSBO 
801 2 |a RU  |b 63413507  |c 20211126  |g PSBO 
942 |c BK